| 000 | 00505nam a2200181 i 4500 | ||
|---|---|---|---|
| 001 | 13090 | ||
| 003 | ES-MaACL | ||
| 005 | 20230906150504.0 | ||
| 007 | t| | ||
| 008 | 971121s1996 sp ||||1| spa d | ||
| 020 | _a84-204-8242-0 | ||
| 100 | 1 |
_aDonoso, José. _945336 |
|
| 245 | 1 | 0 |
_aConjeturas sobre la memoria de mi tribu / _cJosé Donoso. |
| 260 |
_aMadrid : _bAlfaguara, _cD.L. 1996. |
||
| 300 |
_a349 p. ; _c22 cm. |
||
| 600 | 3 | 4 |
_aDonoso (Familia)- _vHistoria. _9170021 |
| 852 |
_aES-MaACL _jL-20373 |
||
| 999 |
_c13090 _d13090 |
||